[Event "ROM-ch U12 Girls"]
[Site "Calimanesti Caciulata"]
[Date "2016.04.21"]
[Round "5"]
[White "Sarga, Larisa Maria"]
[Black "Kiss, Alexandra Maria"]
[Result "0-1"]
[WhiteElo "1226"]
[BlackElo "1327"]
[PlyCount "106"]
[EventDate "2016.04.18"]
[EventType "swiss"]
[EventRounds "9"]
[EventCountry "ROU"]
[SourceTitle "CBM 172 Extra"]
[Source "ChessBase"]
[SourceDate "2016.06.21"]
[SourceVersion "1"]
[SourceVersionDate "2016.06.21"]
[SourceQuality "1"]

1. d4 d5 2. c4 Nc6 3. Nc3 Nf6 4. Nf3 Bf5 5. Bf4 h6 6. e3 e6 7. h3 Bd6 8. Bxd6 Qxd6 9. c5 Qe7 10. Bb5 0-0 11. Bxc6 bxc6 12. a3 Nd7 13. b4 e5 14. Nxe5 Nxe5 15. dxe5 Qxe5 16. Qd4 Rfe8 17. 0-0 Qe6 18. Qf4 Qe5 19. Qxe5 Rxe5 20. Rfe1 Rae8 21. f4 Rxe3 22. Rxe3 Rxe3 23. Na4 d4 24. Kf2 Rb3 25. Ra2 Kf8 26. Ke2 Bb1 27. Rd2 Rxa3 28. Nb2 Re3+ 29. Kf2 Rb3 30. Nc4 Rxb4 31. Ne5 Be4 32. Nf3 Bxf3 33. Kxf3 Ke7 34. Ke4 a5 35. Rxd4 Rxd4+ 36. Kxd4 Ke6 37. g4 f5 38. gxf5+ Kxf5 39. Ke3 a4 40. Kd3 Kxf4 41. Kc3 g5 42. Kb4 a3 43. Kxa3 h5 44. Kb3 g4 45. hxg4 hxg4 46. Kc2 g3 47. Kd2 g2 48. Ke2 g1Q 49. Kd3 Qc1 50. Ke2 Qc3 51. Kf2 Qd2+ 52. Kg1 Kg3 53. Kf1 Qf2# 0-1

[Event "ROM-ch U12 Girls"]
[Site "Calimanesti Caciulata"]
[Date "2016.04.20"]
[Round "3"]
[White "Braga, Anastasia Gabriela"]
[Black "Sarga, Larisa Maria"]
[Result "0-1"]
[WhiteElo "1001"]
[BlackElo "1226"]
[PlyCount "80"]
[EventDate "2016.04.18"]
[EventType "swiss"]
[EventRounds "9"]
[EventCountry "ROU"]
[SourceTitle "CBM 172 Extra"]
[Source "ChessBase"]
[SourceDate "2016.06.21"]
[SourceVersion "1"]
[SourceVersionDate "2016.06.21"]
[SourceQuality "1"]

1. e4 c5 2. g3 Nc6 3. Nf3 g6 4. Bg2 Bg7 5. 0-0 e6 6. d3 d5 7. Nc3 d4 8. Bg5 Nge7 9. Ne2 e5 10. c3 0-0 11. Bxe7 Qxe7 12. a3 b6 13. b4 Bb7 14. Rc1 Qe6 15. Qc2 Ba6 16. Ng5 Qf6 17. Qd2 Bh6 18. Nf3 Bxd2 19. Nxd2 Bxd3 20. Rfe1 Bxe2 21. Rxe2 dxc3 22. Rxc3 cxb4 23. axb4 Rac8 24. Bh3 Rc7 25. b5 Nd4 26. Rxc7 Nxe2+ 27. Kg2 Nd4 28. Rxa7 Nxb5 29. Rd7 Rd8 30. Rd5 Rxd5 31. exd5 Nc3 32. Nc4 Nxd5 33. Nxe5 Qxe5 34. Kg1 Qe1+ 35. Kg2 b5 36. Bg4 Qe4+ 37. Kg1 Qxg4 38. f4 Qe2 39. g4 Ne3 40. Kh1 Qg2# 0-1

[Event "ROM-ch U10 Girls"]
[Site "Calimanesti"]
[Date "2015.04.05"]
[Round "8"]
[White "Sarga, Larisa Maria"]
[Black "Bira, Andrada Paraschiva"]
[Result "1/2-1/2"]
[WhiteElo "1001"]
[BlackElo "1013"]
[PlyCount "68"]
[EventDate "2015.03.30"]
[EventType "swiss"]
[EventRounds "9"]
[EventCountry "ROU"]
[SourceTitle "CBM 165 Extra"]
[Source "ChessBase"]
[SourceDate "2015.04.21"]
[SourceVersion "1"]
[SourceVersionDate "2015.04.21"]
[SourceQuality "1"]

1. e4 e5 2. Nf3 Nc6 3. Bc4 Bc5 4. c3 Nf6 5. d4 exd4 6. cxd4 Bb4+ 7. Nc3 0-0 8. e5 Ne4 9. 0-0 Nxc3 10. bxc3 Bxc3 11. Rb1 d6 12. exd6 Bg4 13. dxc7 Qxc7 14. Be2 Rad8 15. d5 Rfe8 16. Bb2 Bxb2 17. Rxb2 Rd7 18. Rd2 Nb4 19. d6 Qb6 20. Ne5 Rxe5 21. Bxg4 Rd8 22. d7 Qc7 23. Re1 Rxe1+ 24. Qxe1 h6 25. Qe8+ Rxe8 26. dxe8Q+ Kh7 27. Bf5+ g6 28. Bxg6+ Kxg6 29. Qe4+ Kg7 30. g3 Qc1+ 31. Kg2 Qxd2 32. Qe5+ Kh7 33. Qf5+ Kg7 34. Kh3 Qd4 1/2-1/2

[Event "ROM-ch U10 Girls"]
[Site "Calimanesti"]
[Date "2015.03.30"]
[Round "1"]
[White "Sarga, Larisa Maria"]
[Black "Spiridon, Anisia"]
[Result "0-1"]
[WhiteElo "1001"]
[BlackElo "1155"]
[PlyCount "83"]
[EventDate "2015.03.30"]
[EventType "swiss"]
[EventRounds "9"]
[EventCountry "ROU"]
[SourceTitle "CBM 165 Extra"]
[Source "ChessBase"]
[SourceDate "2015.04.21"]
[SourceVersion "1"]
[SourceVersionDate "2015.04.21"]
[SourceQuality "1"]

1. e4 c5 2. Nf3 Nc6 3. Bc4 g6 4. c3 Bg7 5. d4 cxd4 6. cxd4 d6 7. a3 Bg4 8. Nbd2 Bxd4 9. 0-0 Bg7 10. h3 Bxf3 11. Nxf3 Nf6 12. Re1 e5 13. Bd2 0-0 14. Qc1 Qd7 15. Bh6 Rad8 16. Qd2 d5 17. exd5 Nxd5 18. Bxd5 Qxd5 19. Qxd5 Rxd5 20. Bxg7 Kxg7 21. Rad1 Rfd8 22. Rxd5 Rxd5 23. Rc1 e4 24. Ne1 f5 25. b4 a6 26. h4 f4 27. g3 fxg3 28. f3 exf3 29. Nxf3 Rd3 30. Kg2 Rxa3 31. Rd1 Ra2+ 32. Nd2 Nxb4 33. Kxg3 Ra3+ 34. Nf3 Nd3 35. Rh1 Ne5 36. Rf1 Rxf3+ 37. Rxf3 Nxf3 38. Kxf3 Kh6 39. Ke3 Kh5 40. Kd4 Kxh4 41. Kc5 g5 42. Kb6 0-1